Türkiye üzerinde büyük oyun (Record no. 9375)

MARC details
000 -BAŞLIK
Sabit Uzunlukta Kontrol Alanı 00599na a2200205 4500
001 - KONTROL NUMARASI
Denetim Alanı 18491
003 - KONTROL NUMARASI IDENTIFIER
Denetim Alanı MIRAKIL
005 - SON İŞLEM TARİHİ VE ZAMANI
Denetim Alanı 20181213155244.0
008 - SABİT-BOY VERİ ELEMANLARI - GENEL BİLGİLER
Sabit Uzunlukta Kontrol Alanı 161118b tu 000 0
035 ## - SİSTEM KONTROL NUMARASI
Sistem Kontrol Numarası 18491
040 ## - KATALOGLAMA KAYNAK
Orijinal Kataloglama Ajansı Milas
Kataloglama Dili tur
Metne Dönüştürmek Ajansı TR-AnCHP
041 ## - DİL KODU
Metin / Ses Parça Veya Ayrı Başlığın Dil Kodu tur
082 ## - DEWEY ONLU SINIFLANDIRMA NUMARASI
Sınıflandırma Numarası 320.9561
Ürün Numarası T96 [t.y.]
090 ## - SINIFLAMA NUMARASI
Sınıflama Numarası 320.9561 T96 [t.y.]
245 ## - BAŞLIK TABLOSU
Başlık Türkiye üzerinde büyük oyun
Başlığın Kalan Türklüğün, "Türk" gerçeğinin ve Atatürk'ün tasfiyesi
260 ## - YAYIN, DAĞITIM, VB
Yayın, Dağıtım, Vb Yeri [y.y.]
Yayıncı, Dağıtıcı, Vs Adı [yayl.y.]
Yayın, Dağıtım, Vb Tarihi [t.y.]
300 ## - FİZİKSEL TANIM
Kapsam Yaklaşık 400 s.
Diğer Fiziksel Ayrıntıları res.
Boyutlar 30 sm.
651 ## - KONU KATMA GİRİŞ - COĞRAFİ ADI
Coğrafi İsim Türkiye
Genel Alt Bölümü Siyasal durum
Kronolojik Alt Bölümü Basın
942 ## - EKLENDİ GİRİŞ ELEMANLARI (KOHA)
Sınıflandırma Veya Raf Düzeni Kaynak
Koha Öğesi Türü Books
999 ## - SİSTEM KONTROL NUMARALARI (KOHA)
Koha Biblionumber 9375
Koha Biblioitemnumber 9375
Holdings
Kalıcı Konum Mevcut Konum Edinme Tarihi Edinim Kaynak Toplam Check-Out'Lar Tam Çağrı Numarası Barkod Tarih Son Görülme İtibaren Geçerli Fiyatlar Koha Öğesi Türü
CHP Kütüphanesi CHP Kütüphanesi 11/18/2016 Bağış   320.9561 T96 [t.y.] 008790 11/18/2016 11/18/2016 Books